Clic Records en tous genre (3) - Statistiques

Statistiques générales
  • Ce quiz a été pris 89 fois
  • Le résultat moyen est 20 sur 30
Statistiques - réponses
Hint Explanation Réponse % Correct
Quel est l'animal le plus haut du monde ? Jusqu'à 5,80 m Girafe
97%
Quel est l'homme le plus riche du monde ? Américain né en 1971 Elon Musk
96%
Quel est le mur le plus long du monde ? 3460 km Grande muraille de Chine
96%
Quel est le plus grand centre commercial du monde ? 1.1 M de m2 Dubai Mall
91%
Dans quel pays se trouve le plus haut building du monde ? 828 m Emirats Arabes Unis
91%
Quel est le plus gros avion civil du monde ? 845 Passagers Airbus A380
90%
Quelle est la plus grande mer intérieure du monde ? 436 000 km2 Caspienne
90%
Quel est le monument payant le plus visité du monde ? 7 M Tour Eiffel
90%
Quelle est la capitale la plus haute du monde ? 3640 m La Paz
86%
Dans quelle ville se trouve le plus ancien métro souterrain du monde ? Fondé en 1890 Londres
86%
Qui est la femme la plus suivie du monde sur X ? 108 M Katy Perry
84%
Quel est la cycliste la plus titrées au monde 72 titres / Née en 1958 Jeannie Longo
83%
Quelle est la plus grande île du monde ? 2 196 086 km2 Groenland
80%
Quelle actrice a reçu le plus grand nombre d'Oscars ? 4 Katharine Hepburn
75%
Qui est l'auteur du tableau vendu le plus cher aux enchères au monde ? Salvator Mundi / 1452-1519 Léonard de Vinci
75%
Quel est le 1er constructeur à avoir mis au point un autobus bi-articulé ? Modèle Mégabus Renault
72%
De quelle nationalité est le timbre le plus cher du monde ? 1 cent magenta de Guyane britannique Britannique
64%
Dans quel pays se trouve la route nationale la plus longue ? 7821 km Canada
64%
Comment se nomme la plus petite salle de spectacle du monde ? 25 places La petite loge
64%
Où se trouve le plus vaste musée du monde ? Musée d'histoire naturelle New York
59%
Quel est le pays le plus densément peuplé du monde ? 16620 hab/km2 Monaco
52%
Dans quel pays se trouve le pont le plus long du monde ? 164 m Chine
51%
Quel est le diamant le plus lourd du monde ? 3106 carats Cullinan
46%
Comment se nomme le phare le plus puissant du monde ? 32 miles Créac'h
39%
Quel est le tunnel routier le plus long du monde ? En Norvège / 24.5 km Laerdal
39%
Dans quel pays se trouve la piscine la plus profonde du monde ? Deepspot Pologne
30%
Dans quel pays a eu lieu le plus grand vol du XXIe siècle A Zurich, 4 peintures de Cézanne, Monet, Van Gogh et Degas Suisse
29%
Quel est l'auteur du tableau évalué le plus cher dans le cadre d'une succession ? L'origine du monde / 1819-1877 Gustave Courbet
22%
Quel est le plus haut barrage du monde ? 305m Jinping
20%
Quel navire a fait naufrage en faisant le plus de victimes ? 9343 + Wilhelm Gustloff
19%
Aucun quiz correspondant
Distribution des résultats
% des personnes avec chaque résultat
Percentile par nombre de réponses
Votre historique - résultats
Vous n’avez pas pris ce quiz